01323nam a2200241 a 450000100100000000500170001000800410002702000180006804000250008608200160011110000320012724500610015926000370022030000360025750400280029350503070032150000470062859000260067595201290070195201140083095201200094499900170106400004714920201002053410.0180417s2017 dr abc 000 0 spa d a9789945124262 aDO-SdBNPbspacBNPHU axxxxbM538c1 aMéndez R., Maritza97493610aCiencias sociales 1 :bsecundaria /cMaritza Méndez R. aSanto Domingo :bSusaeta,c2017. a208 p. :bil., retrs. ;c29 cm. aBibliografía : p. 2080 aLa geografía su importancia --tLas revoluciones burguesas los procesos económicos y políticos del mundo --tExpansión colonial europea --tSurgimiento del nacionalismo en Europa --tLa isla de Santo Domingo en el siglo XIX --tLos derechos humanos: base para la constitución de las naciones. aEnfoque por competencias nuevo currículo aInventariado, 2018/LP 001054708DSaGRbGRcHDd2018-04-17iLF1l0oxxxx M538cp47149-30r2020-06-25te. 3w2020-06-25yLFDSZPréstamo en sala 0010718PDaPDbPDcHDd2018-04-17iLF1l0oxxxx M538cp47149-10r2020-06-25w2020-06-25yLFPDZNo se presta 0010718PDaPDbPDcHDd2018-04-17iLF1l0oxxxx M538cp47149-20r2020-06-25te. 2w2020-06-25yLFPDZNo se presta c46637d46637